Αμπελουργία και οινοποιϊα
Αποθηκεύτηκε σε:
| Κύριος συγγραφέας: | |
|---|---|
| Μορφή: | Βιβλίο |
| Γλώσσα: | Greek |
| Δημοσίευση: |
Εν Σάμω :
Εκ του Ηγεμονικού Τυπογραφείου,
1906
|
| Θέματα: | |
| Διαθέσιμο Online: | http://hdl.handle.net/11610/16625 |
| Ετικέτες: |
Προσθήκη ετικέτας
Δεν υπάρχουν, Καταχωρήστε ετικέτα πρώτοι!
|
MARC
| LEADER | 00000cam a2200000 i 4500 | ||
|---|---|---|---|
| 001 | 1/63869 | ||
| 008 | 150116s1906 gre d | ||
| 035 | |l 10120488 | ||
| 040 | |a GR-MY-UA |b gre |e aacr | ||
| 041 | 0 | |a gre | |
| 082 | 0 | |a 634.8 |2 (23) | |
| 100 | 1 | |a Ορφανός, Γ. Κ. | |
| 245 | 1 | 0 | |a Αμπελουργία και οινοποιϊα / |c υπό Γ. Κ. Ορφανού |
| 260 | |a Εν Σάμω : |b Εκ του Ηγεμονικού Τυπογραφείου, |c 1906 | ||
| 300 | |a 175 σ.; |c 21 εκ. | ||
| 500 | |a Στο εξώφυλλο ιδιόχειρη αφιέρωση "Τη Βιβλιθήκη τής Πορφυριάδος Σχολής. Μαϊος 1907, Συμεών Η. Θαλασσινός". με αρ. 150. Υπάρχει ψηφιακό αντίγραφο. | ||
| 500 | |a Κατά τα νεώτερα συστήματα μετά 42 εικόνων. | ||
| 650 | 0 | 0 | |a Viticulture |z Greece. |
| 650 | 0 | 0 | |a Wine and wine making. |
| 852 | |a INST |b SAMOS |c PORFYRIADA |e 20150116 |h 634.8 ΟΡΦ |p 005300041235 |q 005300041235 |t NOLOAN |y 23 | ||
| 856 | |u http://hdl.handle.net/11610/16625 | ||
| 901 | |a BIBL3-2015-1 | ||
| 909 | |a Σ |b 185848 | ||
| 970 | |a ΣΙΤΖΙΜΗ |b ΓΙΑΣΕΜΗ |z 2015/01/16 | ||